| 000 | 01003cam a2200241 4500 | ||
|---|---|---|---|
| 001 | WB3706-08 | ||
| 008 | 000000n2001 000 0 eng u | ||
| 035 | _a(Sirsi) u110810 | ||
| 245 | _aRetail sale prices outstrip valuations | ||
| 260 | _c2001 | ||
| 490 |
_aProperty Week _v66(5) 2 February 2001, 21(1) |
||
| 520 | _aFigures produced by Jones Lang LaSalle and the Investment Property Databank indicate that retail investments sold at auction are achieving higher prices than the valuations given by fund managers and property companies, thus suggesting an upturn in fortunes for the retail market. | ||
| 590 | _aWB | ||
| 650 | _aJONES LANG LASALLE | ||
| 650 | _aIPD INDEX | ||
| 650 | _aAUCTION MARKET | ||
| 650 | _aVALUATIONS | ||
| 650 | _aALL ITEMS RETAIL PRICES INDEX | ||
| 650 | _aINVESTMENT MARKET | ||
| 650 | _aPROPERTY-COMMERCIAL PROPERTY-RETAIL PROPERTY-RETAIL PROPERTY MARKET | ||
| 690 | _aPROPERTY-COMMERCIAL PROPERTY-COMMERCIAL PROPERTY FINANCE AND INVESTMENT | ||
| 942 | _n0 | ||
| 999 |
_c66060 _d66060 |
||